WWE Intercontinental Champions - Statistics

General Stats
  • This quiz has been taken 16,227 times
    858 since last reset
  • The average score is 52 of 94
Answer Stats
Title Reigns Last Won Champion % Correct
2 2025 Dominik Mysterio
93%
1 2025 John Cena
93%
2 2009 Rey Mysterio
90%
8 2018 The Miz
87%
2 2018 Seth Rollins
86%
1 2026 Penta
85%
4 2024 Sami Zayn
84%
5 2002 Triple H
84%
1 2022 Gunther
83%
1 2017 Roman Reigns
83%
3 2018 Dean Ambrose
81%
3 1995 Shawn Michaels
80%
1 2003 Randy Orton
79%
2 2012 Cody Rhodes
78%
1 2024 Jey Uso
78%
2 1997 The Rock
78%
5 2020 Jeff Hardy
77%
9 2009 Chris Jericho
75%
2 2002 Kane
75%
6 2018 Dolph Ziggler
74%
5 2004 Edge
74%
2 2024 Bron Breakker
73%
2 1997 Stone Cold Steve Austin
73%
2 1992 Bret Hart
72%
2 2020 Big E
71%
1 2012 The Big Show
71%
4 2012 Kofi Kingston
70%
1 2009 CM Punk
69%
2 2019 Finn Balor
69%
1 2020 AJ Styles
68%
2 2016 Kevin Owens
68%
4 2012 Christian
67%
2 1997 Owen Hart
67%
1 2005 Ric Flair
65%
2 2021 Shinsuke Nakamura
65%
4 2002 Chris Benoit
64%
1 2009 Drew McIntyre
64%
2 1989 The Ultimate Warrior
64%
2 2019 Bobby Lashley
63%
2 2002 Eddie Guerrero
63%
1 1986 Randy Savage
63%
1 2015 Daniel Bryan
62%
1 2000 Kurt Angle
62%
1 2009 John Bradshaw Layfield
57%
5 2015 Wade Barrett
57%
1 1994 Diesel
56%
6 2006 Rob Van Dam
55%
1 1987 The Honky Tonk Man
55%
4 1995 Razor Ramon
54%
1 2022 Ricochet
53%
1 2016 Zack Ryder
53%
1 1999 Road Dogg
50%
2 2000 Chyna
48%
2 2007 Umaga
48%
1 2003 Booker T
47%
1 2015 Ryback
46%
3 2006 Shelton Benjamin
46%
1 2000 Billy Gunn
45%
1 2020 Braun Strowman
45%
3 2009 John Morrison
45%
1 1987 Ricky Steamboat
45%
2 2008 Santino Marella
45%
1 2021 Apollo Crews
44%
3 1999 Goldust
44%
1 1979 Pat Patterson
44%
1 2014 Luke Harper
43%
1 1992 Roddy Piper
42%
1 2000 Rikishi
41%
1 2001 Test
39%
2 1990 Mr. Perfect
38%
1 1992 The British Bulldog
37%
2 2008 William Regal
37%
1 1989 Rick Rude
36%
1 2005 Carlito
35%
6 1999 Jeff Jarrett
35%
1 2001 Albert
34%
1 2013 Curtis Axel
34%
1 2011 Ezekiel Jackson
33%
2 1981 Pedro Morales
33%
1 1999 D'Lo Brown
31%
1 1998 Ken Shamrock
31%
2 1985 Tito Santana
29%
2 2000 Val Venis
29%
1 1996 Ahmed Johnson
25%
1 1984 Greg Valentine
25%
1 1993 Marty Jannetty
25%
2 1983 Don Muraco
24%
1 2001 Lance Storm
24%
1 1999 The Godfather
24%
1 1990 The Texas Tornado
24%
1 1980 Ken Patera
21%
1 1992 The Mountie
21%
1 1996 Marc Mero
20%
1 1995 Dean Douglas
17%
No matching quizzes found
Score Distribution
Percent of People with Each Score
Percentile by Number Answered
Your Score History
You have not taken this quiz since the last reset